The Fighting Fourth: (Record no. 187311)
[ view plain ]
| 000 -LEADER | |
|---|---|
| fixed length control field | 00613nam a22001937a 4500 |
| 005 - DATE AND TIME OF LATEST TRANSACTION | |
| control field | 20220412132100.0 |
| 010 ## - LCCN (DPL NO) | |
| LC control number | ENG-132280 |
| 020 ## - INTERNATIONAL STANDARD BOOK NUMBER | |
| Terms of availability | 699.00 |
| International Standard Book Number | 9788194954750 |
| 035 ## - SYSTEM CONTROL NUMBER | |
| System control number | EN-115812 |
| 037 ## - SOURCE OF ACQUISITION | |
| Source of stock number/acquisition | DBAD/PUB |
| 082 ## - DEWEY DECIMAL CLASSIFICATION NUMBER | |
| Classification number | 355.0092 |
| 100 ## - MAIN ENTRY--PERSONAL NAME | |
| Personal name | Brigadier Jasbir |
| 245 ## - TITLE STATEMENT | |
| Title | The Fighting Fourth: |
| Remainder of title | A Personal Narrative of the History of 4 Kumaon/ |
| 250 ## - EDITION STATEMENT | |
| Edition statement | First Edition |
| 260 ## - PUBLICATION, DISTRIBUTION, ETC. (IMPRINT) | |
| Place of publication, distribution, etc | Noida |
| Name of publisher, distributor, etc | BluOne India LLP |
| Date of publication, distribution, etc | 2021 |
| 270 ## - ADDRESS | |
| Address | 306 Tower-1, Assotech Business Cresterra, Plot No-22, Sector-135,Noida |
| City | Noida |
| 300 ## - PHYSICAL DESCRIPTION | |
| Extent | 204p. |
| Dimensions | 23.5cm.(hbk) |
| 942 ## - ADDED ENTRY ELEMENTS (KOHA) | |
| Source of classification or shelving scheme | Dewey Decimal Classification |
| Item type | English Books |
| Call number suffix | JAS |
| Classification part | 355.0092 |
| Withdrawn status | Lost status | Not for loan | Collection code | Home library | Current library | Date acquired | Source of acquisition | Cost, normal purchase price | Full call number | Barcode | Copy number | Cost, replacement price | Koha item type |
|---|---|---|---|---|---|---|---|---|---|---|---|---|---|
| Non-fiction | Patel Nagar | Patel Nagar | 12/04/2022 | DBAD/PUB | 699.00 | 355.0092 JAS | EN-115812 | 1 | 699.00 | English Books |
